Education for Rural Development case Studies for planners (Record no. 4197)

MARC details
000 -LEADER
fixed length control field 00476nam a22001817a 4500
003 - CONTROL NUMBER IDENTIFIER
control field OSt
005 - DATE AND TIME OF LATEST TRANSACTION
control field 20210915151256.0
008 - FIXED-LENGTH DATA ELEMENTS--GENERAL INFORMATION
fixed length control field 210915b |||||||| |||| 00| 0 eng d
020 ## - INTERNATIONAL STANDARD BOOK NUMBER
International Standard Book Number 0275073807
040 ## - CATALOGING SOURCE
Transcribing agency HAWASSA UNIVERSITY
050 ## - LIBRARY OF CONGRESS CALL NUMBER
Classification number 370.1519/AHM
082 ## - DEWEY DECIMAL CLASSIFICATION NUMBER
Classification number 370.1519/AHM
100 ## - MAIN ENTRY--PERSONAL NAME
Personal name Ahmed Manzoor
9 (RLIN) 4058
245 ## - TITLE STATEMENT
Title Education for Rural Development case Studies for planners
260 ## - PUBLICATION, DISTRIBUTION, ETC.
Name of publisher, distributor, etc. New York London
Date of publication, distribution, etc. 1975
300 ## - PHYSICAL DESCRIPTION
Extent xxxiii/661
942 ## - ADDED ENTRY ELEMENTS (KOHA)
Source of classification or shelving scheme Dewey Decimal Classification
Koha item type Books like text book referance book
Suppress in OPAC No
Holdings
Withdrawn status Lost status Source of classification or shelving scheme Damaged status Not for loan Home library Current library Date acquired Full call number Barcode Date last seen Copy number Price effective from Koha item type Shelving location Total Checkouts
    Dewey Decimal Classification     College of Agriculture Library College of Agriculture Library 09/15/2021 370.1519/AHM ALIB0005576 09/15/2021 3 09/15/2021 Books like text book referance book    
    Dewey Decimal Classification     College of Agriculture Library College of Agriculture Library 01/14/2022 370.19/AHM ALIB0014735 01/14/2022 2 01/14/2022 Books like text book referance book    
    Dewey Decimal Classification     Social Library Social Library 12/13/2021 370.19/AHM SHLIB00003396 12/13/2021 1 12/13/2021 Books like text book referance book General Stacks